players to be nominated for the balon dor for since 2011 - Statistics

General Stats
  • This quiz has been taken 269 times
    191 since last reset
  • The average score is 15 of 44
Answer Stats
Hint Answer % Correct
2 messi
99%
1 ronaldo
99%
5 neymar
74%
4 modric
68%
7 xavi
65%
8 iniesta
64%
41 suarez
60%
37 mbappe
57%
25 lewandowski
56%
32 neuer
53%
21 salah
51%
12 ramos
49%
6 kroos
45%
17 bale
44%
22 van dijk
42%
34 griezmann
35%
19 kane
35%
24 muller
35%
13 buffon
34%
16 hazard
34%
23 lahm
32%
15 casillas
29%
14 marcelo
25%
11 di maria
24%
42 dani alves
22%
38 pogba
22%
31 Casemiro
21%
30 jorginho
17%
3 ozil
17%
29 pepe
15%
9 van persie
15%
28 sneijder
14%
40 sterling
14%
10 falcao
12%
26 reus
12%
35 mahrez
10%
44 alaba
9%
27 allison
8%
36 vardy
8%
20 kdb
7%
43 rashford
7%
33 toure
6%
18 benzama
3%
39 mount
3%
No matching quizzes found
Score Distribution
Percent of People with Each Score
Percentile by Number Answered
Your Score History
You have not taken this quiz since the last reset